01639nam a2200361 a 4500001001200000003000800012006001900020007001500039008004100054020002400095020002400119020001800143020002700161040002100188035002100209050002500230082001300255245012200268260009000390300002200480440002300502500012300525504005100648533015200699650003800851650005400889650003900943655002900982700001901011710001701030711010401047856012601151ebr10585442CaPaEBRm u cr cn|||||||||761129s1976 ne a sb 101 0 eng d z0202900371 (Aldine) z9027978697 (Mouton) z9789027978691 z9783110805338 (e-book) aCaPaEBRcCaPaEBR a(OCoLC)63679515314aGN397.5b.D48 1976eb04a309.2/1200aDevelopment from belowh[electronic resource] :banthropologists and development situations /ceditor, David C. Pitt. aThe Hague :bMouton ;aChicago :bdistributed in the USA and Canada by Aldine,c1976. ax, 277 p. :bill. 0aWorld anthropology aPapers prepared for the 9th International Congress of Anthropological and Ethnological Sciences held in Chicago, 1973. aIncludes bibliographical references and index. aElectronic reproduction.bPalo Alto, Calif. :cebrary,d2011.nAvailable via World Wide Web.nAccess may be limited to ebrary affiliated libraries. 0aApplied anthropologyvCongresses. 0aEconomic developmentxSocial aspectsvCongresses. 0aCommunity developmentvCongresses. 7aElectronic books.2local1 aPitt, David C.2 aebrary, Inc.2 aInternational Congress of Anthropological and Ethnological Sciencesn(9th :d1973 :cChicago, Ill.)40uhttp://site.ebrary.com/lib/rucke/Doc?id=10585442zAn electronic book accessible through the World Wide Web; click to view